| 000 | 00460nam a2200181Ia 4500 | ||
|---|---|---|---|
| 001 | 22602 | ||
| 005 | 20260414150842.0 | ||
| 008 | 260414t2008||||xx |||||||||||||| ||spa|| | ||
| 041 | _aESP | ||
| 082 |
_a621.382.15 _bS719 |
||
| 100 |
_aSayre, Cotter W. _eAUT |
||
| 245 | 0 |
_aComplete wireless desingn _b |
|
| 260 | _c2008 | ||
| 300 |
_axix, 693 páginas : _cil.; 24 cm. + 1 CD-ROM (4 3/4 in.) |
||
| 650 | _aTCA | ||
| 654 | _aCET | ||
| 942 |
_cLIB _dJUS _fJUS _2ddc _n |
||
| 999 |
_c22602 _d22602 |
||